A question over pay as you go (Record no. 67215)
[ view plain ]
| 000 -LEADER | |
|---|---|
| fixed length control field | 01209cam a2200253 4500 |
| 001 - CONTROL NUMBER | |
| control field | ABS64007 |
| 008 - FIXED-LENGTH DATA ELEMENTS--GENERAL INFORMATION | |
| fixed length control field | 000000n2001 000 0 eng u |
| 035 ## - SYSTEM CONTROL NUMBER | |
| System control number | (Sirsi) u112915 |
| 100 ## - MAIN ENTRY--PERSONAL NAME | |
| Personal name | Hancock, C |
| 245 #2 - TITLE STATEMENT | |
| Title | A question over pay as you go |
| 260 ## - PUBLICATION, DISTRIBUTION, ETC. | |
| Date of publication, distribution, etc. | 2001 |
| 490 ## - SERIES STATEMENT | |
| Series statement | Estates Gazette |
| Volume/sequential designation | (0117) 28 April 2001, 216-217(2) |
| 520 ## - SUMMARY, ETC. | |
| Summary, etc. | Recent case law illustrates how landlords and tenants must give considerable thought to dilapidation claims at the termination of a lease. Discusses the cases of "Craven (Building) Ltd v SoS Health" and "Firle Investments Ltd v Datapoint International Ltd" which raise the following key points: diminution in value is linked to the real market for the premises; a landlord's intentions at the termination of the lease must be determined; the needs of a hypothetical buyer and transaction have to be considered. |
| 590 ## - LOCAL NOTE (RLIN) | |
| Local note | ABS |
| 650 ## - SUBJECT ADDED ENTRY--TOPICAL TERM | |
| Topical term or geographic name entry element | DIMINUTION IN VALUE |
| 650 ## - SUBJECT ADDED ENTRY--TOPICAL TERM | |
| Topical term or geographic name entry element | Dilapidations |
| 9 (RLIN) | 6235 |
| 650 ## - SUBJECT ADDED ENTRY--TOPICAL TERM | |
| Topical term or geographic name entry element | DISREPAIR |
| 650 ## - SUBJECT ADDED ENTRY--TOPICAL TERM | |
| Topical term or geographic name entry element | TERMINATION |
| 650 ## - SUBJECT ADDED ENTRY--TOPICAL TERM | |
| Topical term or geographic name entry element | REPAIRING LEASE |
| 650 ## - SUBJECT ADDED ENTRY--TOPICAL TERM | |
| Topical term or geographic name entry element | CRAVEN (BUILDERS) LTD V SOS HEALTH |
| 650 ## - SUBJECT ADDED ENTRY--TOPICAL TERM | |
| Topical term or geographic name entry element | FIRLE INVESTMENTS LTD V DATAPOINT INTERNATIONAL LTD |
| 690 ## - LOCAL SUBJECT ADDED ENTRY--TOPICAL TERM (OCLC, RLIN) | |
| Topical term or geographic name as entry element | PROPERTY-LANDLORD AND TENANT |
| 942 ## - ADDED ENTRY ELEMENTS (KOHA) | |
| Suppress in OPAC | 0 |
| Withdrawn status | Lost status | Source of classification or shelving scheme | Damaged status | Not for loan | Home library | Current library | Shelving location | Date acquired | Total Checkouts | Full call number | Barcode | Date last seen | Copy number | Price effective from | Koha item type |
|---|---|---|---|---|---|---|---|---|---|---|---|---|---|---|---|
| Dewey Decimal Classification | London | London | Journal article | 01/06/2001 | ABS64007 | 112915-1001 | 06/08/2019 | 1 | 06/08/2019 | Journal article |